[Event "Moscow Itkin Memorial"]
[White "Spichkin, Alexander"]
[Black "Chadaeva, Tatiana"]
[Site "Moscow"]
[Round "8"]
[Result "0-1"]
[Date "2012.08.28"]
[WhiteElo "2242"]
[BlackElo "1868"]
[PlyCount "92"]
[EventDate "2012.08.12"]
[EventType "swiss"]
[EventRounds "9"]
[EventCountry "RUS"]
[SourceTitle "EXT 2022"]
[Source "ChessBase"]
[SourceDate "2021.10.06"]
[SourceVersion "1"]
[SourceVersionDate "2021.10.06"]
[SourceQuality "1"]

1. f4 d5 2. Nf3 Nf6 3. e3 g6 4. Be2 Bg7 5. 0-0 0-0 6. d3 c5 7. Kh1 Nc6 8. a4 b6 9. Qe1 Bb7 10. Qh4 e6 11. c3 Qc7 12. Na3 a6 13. d4 Na5 14. Nc2 Nb3 15. Ra3 c4 16. Nd2 Nxd2 17. Bxd2 Ne4 18. Be1 Bc6 19. Nb4 Rfb8 20. g4 Bd7 21. f5 Bf6 22. Qh3 a5 23. fxg6 fxg6 24. Nc2 Rf8 25. Bg3 Nxg3+ 26. Qxg3 Qxg3 27. hxg3 Kg7 28. Kg2 Be7 29. Raa1 Rfb8 30. e4 b5 31. axb5 Rxb5 32. b4 cxb3 33. Ne3 b2 34. Rab1 Rb3 35. exd5 exd5 36. Nxd5 Bc6 37. Bf3 Bf8 38. Nc7 Bxf3+ 39. Rxf3 Rc8 40. Ne6+ Kg8 41. c4 Rxf3 42. Kxf3 Rb8 43. c5 a4 44. c6 a3 45. d5 Bd6 46. c7 Rc8 0-1

[Event "Dmitrov op"]
[White "Chadaeva, Tatiana"]
[Black "Kiseljova, Marya"]
[Site "Dmitrov"]
[Round "9"]
[Result "1-0"]
[Date "2011.08.02"]
[WhiteElo "1844"]
[BlackElo "2039"]
[PlyCount "125"]
[EventDate "2011.07.29"]
[EventType "swiss"]
[EventRounds "9"]
[EventCountry "RUS"]
[SourceTitle "CBM 143 Extra"]
[Source "ChessBase"]
[SourceDate "2011.08.29"]
[SourceVersion "1"]
[SourceVersionDate "2011.08.29"]
[SourceQuality "1"]

1. e4 e6 2. d4 b6 3. Nf3 Bb7 4. Bd3 c5 5. c3 Nf6 6. Qe2 Be7 7. 0-0 d5 8. e5 Nfd7 9. Be3 h5 10. Qd2 Ba6 11. Bxa6 Nxa6 12. Bg5 Nc7 13. Na3 a6 14. Rac1 Bxg5 15. Nxg5 Qe7 16. f4 g6 17. Rf3 c4 18. Nc2 0-0-0 19. b3 b5 20. Ne3 Kb7 21. Qc2 Ka7 22. Ra1 Nb6 23. Nd1 Rhf8 24. b4 Qd7 25. Nb2 Kb7 26. Nh7 Rh8 27. Nf6 Qc6 28. a4 bxa4 29. Nxa4 Nxa4 30. Rxa4 Ne8 31. Nxe8 Rdxe8 32. Rf1 Ra8 33. Rfa1 Rhb8 34. Ra5 Qb6 35. Qa4 Rd8 36. Rc5 Ra7 37. Kf2 Raa8 38. Ra5 Rdc8 39. Qc2 Ra7 40. R1a3 Rca8 41. Qa4 Kc7 42. Rc5+ Kd8 43. Ke3 Rc7 44. Rxc7 Kxc7 45. Kf3 Qc6 46. Qa5+ Kb7 47. Kg3 Qb6 48. Qxb6+ Kxb6 49. Ra5 Rf8 50. Kh4 Rb8 51. Kg5 Rb7 52. Rc5 Rd7 53. h3 Ra7 54. Kf6 Rb7 55. g4 hxg4 56. hxg4 Rd7 57. f5 gxf5 58. gxf5 exf5 59. Kxf5 Kb7 60. Kf6 Kb6 61. e6 fxe6 62. Kxe6 Rh7 63. Kxd5 1-0

[Event "Dmitrov op"]
[White "Ustinov, Alexey"]
[Black "Chadaeva, Tatiana"]
[Site "Dmitrov"]
[Round "6"]
[Result "0-1"]
[Date "2011.07.31"]
[WhiteElo "2193"]
[BlackElo "1844"]
[PlyCount "72"]
[EventDate "2011.07.29"]
[EventType "swiss"]
[EventRounds "9"]
[EventCountry "RUS"]
[SourceTitle "CBM 143 Extra"]
[Source "ChessBase"]
[SourceDate "2011.08.29"]
[SourceVersion "1"]
[SourceVersionDate "2011.08.29"]
[SourceQuality "1"]

1. d4 d5 2. c4 e6 3. Nf3 Nf6 4. Nc3 c6 5. Bg5 Be7 6. Qc2 Nbd7 7. e3 h6 8. Bh4 b6 9. cxd5 exd5 10. Bd3 Bb7 11. 0-0 0-0 12. Rfd1 Re8 13. Rac1 Ne4 14. Bxe7 Qxe7 15. a3 a5 16. Ne2 Ndf6 17. Ne5 Rac8 18. Qa4 Qd6 19. h4 Nd7 20. Nxd7 Qxd7 21. Nf4 Qe7 22. h5 Qg5 23. Qb3 b5 24. Bxe4 Rxe4 25. Qc3 Qd8 26. b4 a4 27. Qc5 Qf6 28. Qb6 Re7 29. Nxd5 cxd5 30. Rxc8+ Bxc8 31. Qd8+ Kh7 32. Qxc8 Qg5 33. Qd8 Qxh5 34. Rc1 Re6 35. g3 Qf3 36. Rc3 Rf6 0-1

[Event "Moscow op-F (Women)"]
[White "Chadaeva, Tatiana"]
[Black "Trotsenko, Evgenia"]
[Site "Moscow"]
[Round "9"]
[Result "0-1"]
[Date "2011.02.06"]
[WhiteElo "1835"]
[BlackElo "2001"]
[PlyCount "60"]
[EventDate "2011.01.29"]
[EventType "swiss"]
[EventRounds "9"]
[EventCountry "RUS"]
[SourceTitle "CBM 140 Extra"]
[Source "ChessBase"]
[SourceDate "2011.03.01"]
[SourceVersion "1"]
[SourceVersionDate "2011.03.01"]
[SourceQuality "1"]

1. d4 d5 2. Bf4 Nf6 3. e3 e6 4. Nf3 Nc6 5. c3 a6 6. Nbd2 Bd6 7. Bg3 0-0 8. Bd3 Re8 9. Ne5 Bxe5 10. dxe5 Nd7 11. f4 Nf8 12. Qg4 Ne7 13. h4 Nf5 14. Bf2 f6 15. Nf3 Nh6 16. Qh3 f5 17. Nh2 c5 18. 0-0-0 Qe7 19. g4 Kh8 20. gxf5 exf5 21. h5 Be6 22. Kb1 b5 23. Ka1 c4 24. Bb1 a5 25. Nf3 Ng4 26. Bg1 b4 27. Rc1 Reb8 28. Nd4 bxc3 29. Rxc3 Ra6 30. Qg2 Rab6 0-1

[Event "Moscow op-F (Women)"]
[White "Markelova, Lubov"]
[Black "Chadaeva, Tatiana"]
[Site "Moscow"]
[Round "4"]
[Result "1-0"]
[Date "2011.02.01"]
[WhiteElo "2076"]
[BlackElo "1835"]
[PlyCount "51"]
[EventDate "2011.01.29"]
[EventType "swiss"]
[EventRounds "9"]
[EventCountry "RUS"]
[SourceTitle "CBM 140 Extra"]
[Source "ChessBase"]
[SourceDate "2011.03.01"]
[SourceVersion "1"]
[SourceVersionDate "2011.03.01"]
[SourceQuality "1"]

1. Nf3 d5 2. d4 Nf6 3. c4 dxc4 4. Nc3 a6 5. e4 e6 6. Bxc4 c5 7. e5 cxd4 8. Nxd4 Nfd7 9. Bxe6 Nxe5 10. Bxc8 Qxc8 11. Qe2 Qc5 12. Bf4 Nbd7 13. Rd1 Be7 14. Nb3 Qc4 15. Nd5 Qxe2+ 16. Kxe2 Bd8 17. Rhe1 0-0 18. Kf1 f6 19. Nd4 Kf7 20. Nf5 b5 21. b3 g6 22. Nd6+ Kg7 23. Bc1 Nb6 24. Nf4 Kh8 25. Ne6 Rg8 26. Rxe5 1-0

[Event "Moscow op-F (Women)"]
[White "Doluhanova, Evgeniya"]
[Black "Chadaeva, Tatiana"]
[Site "Moscow"]
[Round "2"]
[Result "1-0"]
[Date "2011.01.30"]
[WhiteElo "2267"]
[BlackElo "1835"]
[PlyCount "61"]
[EventDate "2011.01.29"]
[EventType "swiss"]
[EventRounds "9"]
[EventCountry "RUS"]
[SourceTitle "CBM 140 Extra"]
[Source "ChessBase"]
[SourceDate "2011.03.01"]
[SourceVersion "1"]
[SourceVersionDate "2011.03.01"]
[SourceQuality "1"]

1. e4 e5 2. Nf3 Nc6 3. d4 exd4 4. Nxd4 Bc5 5. Be3 Qf6 6. c3 Nge7 7. Nc2 Bxe3 8. Nxe3 Ne5 9. Be2 d6 10. 0-0 N7g6 11. Nd5 Qd8 12. f4 Nc6 13. Nd2 Nce7 14. f5 Ne5 15. Ne3 f6 16. Qb3 Nf7 17. Bh5 0-0 18. Rf3 Nc6 19. Rg3 Nce5 20. Nf3 Kh8 21. Rd1 b6 22. Nd5 Bb7 23. Nd4 Qd7 24. Ne6 Rg8 25. Ndxc7 Rac8 26. Nd5 Nd8 27. Nef4 Nef7 28. Rdd3 Ng5 29. Rh3 Nxh3+ 30. Rxh3 Bxd5 31. Ng6+ 1-0

[Event "Moscow op (Women)"]
[White "Forova, Tatiana"]
[Black "Chadaeva, Tatiana"]
[Site "Moscow"]
[Round "5"]
[Result "1/2-1/2"]
[Date "2009.02.04"]
[WhiteElo "1888"]
[BlackElo "1400"]
[PlyCount "78"]
[EventDate "2009.01.31"]
[EventType "swiss"]
[EventRounds "9"]
[EventCountry "RUS"]
[SourceTitle "EXT 2012"]
[Source "ChessBase"]
[SourceDate "2011.11.24"]
[SourceVersion "1"]
[SourceVersionDate "2011.11.24"]
[SourceQuality "1"]

1. e4 e5 2. Nf3 Nc6 3. Bc4 Bc5 4. c3 Nf6 5. d3 0-0 6. b4 Bb6 7. a4 a6 8. Qb3 d6 9. h3 Qe7 10. 0-0 Be6 11. Na3 h6 12. Be3 Bxe3 13. fxe3 Bxc4 14. Nxc4 Qe6 15. b5 axb5 16. axb5 Ne7 17. b6 c6 18. Qb4 Rxa1 19. Rxa1 Nc8 20. Na5 Qd7 21. Qb1 Re8 22. Nc4 Qe6 23. Ra8 Nd7 24. Na5 Ncxb6 25. Rxe8+ Qxe8 26. Nxb7 Qb8 27. Na5 Qa8 28. Qb4 Qa6 29. c4 c5 30. Qb5 Qxb5 31. cxb5 Kf8 32. Kf2 Ke7 33. d4 cxd4 34. exd4 exd4 35. Nc6+ Kf6 36. Nfxd4 d5 37. exd5 Nxd5 38. Kf3 N7b6 39. Ke4 g6 1/2-1/2